| 000 | 00714cam a2200229 a 4500 | ||
|---|---|---|---|
| 001 | 000008791 | ||
| 005 | 20200929161417.0 | ||
| 008 | 030228s2001 pn 000 1 spa | ||
| 020 | _a9962601312 | ||
| 040 |
_aDO-SdBNP _cDLC _dDLC |
||
| 082 |
_aP863.44 _bB275L |
||
| 100 | 1 |
_aBarría Alvarado, Ariel, _d1959- _923335 |
|
| 245 | 1 | 3 |
_aLa loma de cristal / _cAriel Barría Alvarado. |
| 260 |
_aPanamá : _bMariano Arosemena, _c2001. |
||
| 300 |
_a113 p. ; _c21 cm. |
||
| 490 | 1 |
_aRicardo Miró. _aPremio novela, 2000 |
|
| 650 | 4 |
_aNovela panameña _921757 |
|
| 650 | 4 |
_aLiteratura panameña _94261 |
|
| 830 | 0 |
_aRicardo Miró, _pPremio novela, 2000. _923336 |
|
| 910 | _aCatalogación por copia / LC | ||
| 049 | _aBNGR | ||
| 999 |
_c8560 _d8560 |
||